Injustice 2 Character Quiz - Statistics

General Stats
  • This quiz has been taken 71 times
  • The average score is 32 of 38
Answer Stats
Character % Correct
Batman
98%
Green Lantern
96%
Superman
96%
Supergirl
94%
Catwoman
92%
Aquaman
90%
Brainiac
90%
Green Arrow
90%
Wonder Woman
90%
Black Adam
88%
Cyborg
88%
Gorilla Grodd
88%
Harley Quinn
88%
Robin
88%
Atrocitus
87%
Bane
87%
Black Canary
87%
Joker
87%
Cheetah
85%
Flash
85%
Blue Beetle
83%
Deadshot
83%
Hellboy
83%
Sub-Zero
83%
Red Hood
81%
Swamp Thing
81%
Captain Cold
79%
Starfire
79%
Atom
77%
Darkseid
77%
Enchantress
77%
Firestorm
77%
Poison Ivy
77%
Raiden
77%
Scarecrow
77%
Doctor Fate
75%
Leonardo
73%
Black Manta
71%
No matching quizzes found
Score Distribution
Percent of People with Each Score
Percentile by Number Answered
Your Score History
You have not taken this quiz